000 00493nam a2200145Ia 4500
008 230917s9999||||xx |||||||||||||| ||und||
040 _e201226
_aMAIN
041 _aEnglish
082 _a891.43371109 RF298:PS
100 _aपाटील, सरोज
245 0 _aरेणु और दांडेकर के आंचलिक उपन्यास
260 _aनई दिल्ली
_bविद्या प्रकाशन
_c2010
300 _a280 पृ. p.
942 _cHN
999 _c169171
_d169171